Stacje i przystanki kolejowe w Łodzi - Statystyki

Ogólne statystyki
  • Ten quiz został rozwiązany 244 razy
    106 od ostatniego zresetowania
  • Średni wynik to 17 z 25
Statystyki odpowiedzi
Stan: Dworzec: % Poprawnych
aktywny Łódź Widzew
97%
aktywny Łódź Fabryczna
96%
aktywny Łódź Kaliska
95%
aktywny Łódź Chojny
86%
aktywny Łódź Żabieniec
83%
aktywny Łódź Retkinia
81%
aktywny Łódź Pabianicka
72%
aktywny Łódź Andrzejów
69%
aktywny Łódź Radogoszcz Wschód
65%
aktywny Łódź Radogoszcz Zachód
65%
aktywny Łódź Niciarniana
64%
aktywny Łódź Dąbrowa
63%
aktywny Łódź Marysin
63%
aktywny Łódź Olechów Wschód
60%
aktywny Łódź Olechów Zachód
59%
aktywny Łódź Zarzew
59%
aktywny Łódź Arturówek
58%
aktywny Łódź Lublinek
56%
w budowie Łódź Śródmieście
56%
aktywny Łódź Warszawska
56%
aktywny Łódź Stoki
55%
aktywny Łódź Andrzejów Szosa
54%
w budowie Łódź Polesie
51%
w budowie Łódź Koziny
49%
aktywny Łódź Olechów Wiadukt
47%
Nie znaleziono quizów pasujących do podanych kryteriów
Rozkład punktacji
Procent ludzi z każdym wynikiem
Percentyl według liczby udzielonych odpowiedzi
Twoja historia wyników
Nie rozwiązałeś tego quizu od ostatniego zresetowania